UBT Library

3G wireless networks / (Record no. 988)

000 -LEADER
fixed length control field 00742nam a22002417a 4500
005 - DATE AND TIME OF LATEST TRANSACTION
control field 20151215075359.0
008 - FIXED-LENGTH DATA ELEMENTS--GENERAL INFORMATION
fixed length control field 150604b xxu||||| |||| 00| 0 eng d
020 ## - INTERNATIONAL STANDARD BOOK NUMBER
International Standard Book Number 9780072263442
020 ## - INTERNATIONAL STANDARD BOOK NUMBER
International Standard Book Number 007226344X
080 ## - UNIVERSAL DECIMAL CLASSIFICATION NUMBER
Universal Decimal Classification number 621.384
100 1# - Rafti
Rafti Smith, Clint,
245 1# - TITLE STATEMENT
Title 3G wireless networks /
Statement of responsibility, etc Clint Smith, Daniel Collins.
250 ## -
-- 2nd ed.
260 ## -
-- New York :
-- McGraw-Hill,
-- c2007.
300 ## -
-- xxiv, 695 f. :
-- me il. ;
-- 24 cm.
490 0# -
-- McGraw-Hill communications
650 #0 -
-- Sistemi i komunikimit mobil
650 #0 -
-- Sistemi i komunikimit me Wireless
650 #0 -
-- Sistemi global për komunikimin mobil
653 ## -
-- Universal Mobile Telecommunication System.
700 1# -
-- Collins, Daniel.
942 ## - ADDED ENTRY ELEMENTS (KOHA)
Source of classification or shelving scheme
Item type Books
Holdings
Withdrawn status Lost status Source of classification or shelving scheme Damaged status Not for loan Collection code Permanent location Current location Shelving location Date acquired Total Checkouts Full call number Barcode Date last seen Koha item type Price effective from
          Koleksioni i përgjithshem UBT - Lipjan UBT - Lipjan Koleksioni i përgjithshem 06/04/2015   621.384 SMI 002-014034 06/04/2015 Books  
          Koleksioni i përgjithshem UBT - Lipjan UBT - Lipjan Koleksioni i përgjithshem 12/15/2015   621.384 SMI 002-014033 12/15/2015 Books 12/15/2015
          Koleksioni i përgjithshem UBT - Lipjan UBT - Lipjan Koleksioni i përgjithshem 12/15/2015   621.384 SMI 002-014032 12/15/2015 Books 12/15/2015
          Koleksioni i përgjithshem UBT - Lipjan UBT - Lipjan Koleksioni i përgjithshem 12/15/2015   621.384 SMI 002-014031 12/15/2015 Books 12/15/2015
          Koleksioni i përgjithshem UBT - Lipjan UBT - Lipjan Koleksioni i përgjithshem 12/15/2015   621.384 SMI 002-014030 12/15/2015 Books 12/15/2015
          Koleksioni i përgjithshem UBT - Lipjan UBT - Lipjan Koleksioni i përgjithshem 12/15/2015   621.384 SMI 002-014035 12/15/2015 Books 12/15/2015
          Koleksioni i përgjithshem UBT - Lipjan UBT - Lipjan Koleksioni i përgjithshem 12/15/2015   621.384 SMI 002-014036 12/15/2015 Books 12/15/2015
          Koleksioni i përgjithshem UBT - Lipjan UBT - Lipjan Koleksioni i përgjithshem 12/15/2015   621.384 SMI 002-014037 12/15/2015 Books 12/15/2015
          Koleksioni i përgjithshem UBT - Lipjan UBT - Lipjan Koleksioni i përgjithshem 12/15/2015   621.384 SMI 002-014038 12/15/2015 Books 12/15/2015
          Koleksioni i përgjithshem UBT - Lipjan UBT - Lipjan Koleksioni i përgjithshem 12/15/2015   621.384 SMI 002-014039 12/15/2015 Books 12/15/2015
          Koleksioni i përgjithshem UBT - Lipjan UBT - Lipjan Koleksioni i përgjithshem 12/15/2015   621.384 SMI 002-014040 12/15/2015 Books 12/15/2015
          Koleksioni i përgjithshem UBT - Lipjan UBT - Lipjan Koleksioni i përgjithshem 12/15/2015   621.384 SMI 002-014041 12/15/2015 Books 12/15/2015
          Koleksioni i përgjithshem UBT - Lipjan UBT - Lipjan Koleksioni i përgjithshem 12/15/2015   621.384 SMI 002-014042 12/15/2015 Books 12/15/2015
          Koleksioni i përgjithshem UBT - Lipjan UBT - Lipjan Koleksioni i përgjithshem 12/15/2015   621.384 SMI 002-014043 12/15/2015 Books 12/15/2015
          Koleksioni i përgjithshem UBT - Lipjan UBT - Lipjan Koleksioni i përgjithshem 12/15/2015   621.384 SMI 002-014044 12/15/2015 Books 12/15/2015
UBT Library © 2015-2024. All rights reserved University Education for Business and Technology